Представление документа в формате MARC21

Поле Инд. ПП Название Значение
Тип записи a
Библиографический уровень m
001 Контрольный номер b81445ec-c936-47b8-ba5f-e751d51437d6
005 Дата корректировки 20210212093832.0
008 Кодируемые данные 051018
020 a ISBN 5-238-00139-8
c Цена, тираж 100.00
040 a Служба первич. каталог. НБ ТвГУ
041 0_ a Код языка текста rus
080 a Индекс УДК 574(075.8)
a Индекс УДК 355.58(075.8)
084 a Индекс другой классификации/Индекс ББК Б1я73-1
a Индекс другой классификации/Индекс ББК Ц69я73-1
090 a Полочн. индекс Б1
x Авторский знак Э40
242 _0 a Перевод заглавия Environmental protection : ecology, pollution and management
245 10 a Заглавие Экология и безопасность жизнедеятельности
b Продолж. заглавия учеб. пособие для студентов вузов
c Ответственность [Д. А. Кривошеин и др.] ; под ред.Л. А. Муравья
260 0_ a Место издания Москва
b Издательство ЮНИТИ
c Дата издания 2002
300 a Объем 447 с.
b Иллюстрации/ тип воспроизводства ил.
500 a Примечание Доп. тит. л. на англ. яз.
504 a Библиография Библиогр.: с. 242-244, с. 446-447
583 a Действие Получение впервые 297 14.10.2005
k Исполнитель действия ООО "Издательство ЮНИТИ-ДАНА"
653 0_ a Ключевые слова Безопасность жизнедеятельности
a Ключевые слова Безопасность труда
a Ключевые слова Моделирование
a Ключевые слова Охрана окружающей среды
a Ключевые слова Чрезвычайные ситуации
a Ключевые слова Экология
700 1_ a Другие авторы Кривошеин Дмитрий Александрович
e Роль лиц авт.
700 1_ a Другие авторы Муравей Леонид Андреевич
e Роль лиц авт.
700 1_ a Другие авторы Роева Наталия Николаевна
e Роль лиц авт.
700 1_ a Другие авторы Шорина О. С.
e Роль лиц авт.
700 1_ a Другие авторы Эриашвили Нодари Дарчоевич
e Роль лиц авт.
852 41 t Порядковый номер экземпляра 3
p Инвентарный номер 820606
p Инвентарный номер 820607
p Инвентарный номер 820608
863 t 00110110
863 t 00110111
863 t 00110112
888 a За счет средств университета
930 a Новая/Ретро учебники
952 c Вид литературы К ру
p 297.2005 100.00 1 820606
p 297.2005 100.00 1 820607
p 297.2005 100.00 1 820608
954 a Дата поступления на обработку 20051111
999 a Подразделение 2 Фил3